BIBLIOTECA PODER JUDICIAL
Portal Judicial TDF

¿Es el Congreso la clave para lograr estabilidad monetaria? / (Registro nro. 6149)

000 -LEADER
fixed length control field 01127nabaa22002177a 4500
003 - CONTROL NUMBER IDENTIFIER
control field OSt
005 - DATE AND TIME OF LATEST TRANSACTION
control field 20260123001206.0
008 - FIXED-LENGTH DATA ELEMENTS--GENERAL INFORMATION
fixed length control field 190701b xxu||||| |||| 00| 0 spa d
040 ## - CATALOGING SOURCE
Transcribing agency PJ
100 ## - MAIN ENTRY--PERSONAL NAME
9 (RLIN) 6901
Personal name Fernández Arrojo, Joaquín Alejo
245 10 - TITLE STATEMENT
Title ¿Es el Congreso la clave para lograr estabilidad monetaria? /
Statement of responsibility, etc Joaquín Alejo Fernández Arrojo.
300 ## - PHYSICAL DESCRIPTION
Extent p. 140-159
505 ## - FORMATTED CONTENTS NOTE
Formatted contents note Sumario: I. Introducción.— II. El rol del Congreso y el régimen constitucional de la moneda.— III. El control legislativo luego de la reforma de 1994.— IV. El poder de policía y la doctrina de la emergencia económica.— V. Una mirada interdisciplinaria desde la economía.— VI. Propuestas.— VII. Conclusiones.
505 ## - FORMATTED CONTENTS NOTE
Title ¿Te interesa el texto completo? Comunicate al correo: koha@justierradelfuego.gov.ar
650 #0 - SUBJECT ADDED ENTRY--TOPICAL TERM
9 (RLIN) 211
Topical term or geographic name as entry element DERECHO ADMINISTRATIVO
650 #0 - SUBJECT ADDED ENTRY--TOPICAL TERM
9 (RLIN) 186
Topical term or geographic name as entry element PODER LEGISLATIVO
650 #0 - SUBJECT ADDED ENTRY--TOPICAL TERM
9 (RLIN) 3385
Topical term or geographic name as entry element POLITICA ECONOMICA
650 #0 - SUBJECT ADDED ENTRY--TOPICAL TERM
9 (RLIN) 3550
Topical term or geographic name as entry element MONEDA
773 0# - HOST ITEM ENTRY
Host Biblionumber 2842
Host Itemnumber 3251
Place, publisher, and date of publication Buenos Aires : AbeledoPerrot, 2012-
Other item identifier DA121
Title Derecho administrativo. Nº 150 noviembre/diciembre 2023
International Standard Book Number 18510590
942 ## - ADDED ENTRY ELEMENTS (KOHA)
Source of classification or shelving scheme
Koha item type Analítica Artículo de Revista

No hay ítems disponibles.

12 de Octubre 789 Ushuaia - Tel:  54(02901)441571
Horario de Atención: 8.00 a 17.00 hs. 
bibliotecaush@justierradelfuego.gov.ar
koha@justierradelfuego.gov.ar
Seguinos en nuestras redes @bibliojustdf 

Con tecnología Koha